000 01443nam0a2200325 i 4500
001 RU\NLR\bibl\1901678
005 20260405094445.0
010 _a9785699390366
_94000
021 _aRU
_b2012-29703
_92205
035 _a(nilc)LIBNET\0000284656
035 _a(NLR Aleph) 001891297
090 _a2923482
_c2923482
100 _a20121023d2012 u y0rusy50 ca
101 0 _arus
102 _aRU
105 _aa |||||||||
200 1 _aУход за цветами в квартире и офисе
_e[выбор и ассортимент неприхотливых растений, мастер-класс: уход и размножение, борьба с вредителями и болезнями
_fавт. текста Ю.А. Фомина]
210 _aМосква
_cЭксмо
_d2012
215 _a46,[1] с.
_cцв. ил.
_d22
225 1 _aЦветы в саду и на окне
606 1 _aКомнатные растения
_xУход за ними
_91349228
_3RU\NLR\auth\66563276
686 _a42.374-455
_vLBC/M
_2rubbk
686 _aП274-455.5
702 1 _4570
_8rus
_7ca
_aФомина
_bЮ. А.
_cпопуляризатор
_gЮлия Анатольевна
_3RU\NLR\auth\7735153
_918151
801 0 _aRU
_bВладимирская ОУНБ
_c20121023
_grcr
801 1 _aRU
_bВладимирская ОУНБ
_c20121023
_grcr
_2rusmarc
801 2 _aRU
_bNLR
_c20120511
_grcr
942 _cBOOK
980 _aNBR